<?xml version="1.0" encoding="UTF-8"?>
<record
    xmlns:xsi="http://www.w3.org/2001/XMLSchema-instance"
    xsi:schemaLocation="http://www.loc.gov/MARC21/slim http://www.loc.gov/standards/marcxml/schema/MARC21slim.xsd"
    xmlns="http://www.loc.gov/MARC21/slim">

  <leader>00878    a2200265   4500</leader>
  <datafield tag="952" ind1=" " ind2=" ">
    <subfield code="0">0</subfield>
    <subfield code="1">0</subfield>
    <subfield code="2">lcc</subfield>
    <subfield code="4">0</subfield>
    <subfield code="7">0</subfield>
    <subfield code="8">NFIC</subfield>
    <subfield code="a">MCL</subfield>
    <subfield code="b">MCL</subfield>
    <subfield code="c">GEN</subfield>
    <subfield code="d">2021-09-13</subfield>
    <subfield code="e">Donation (Authors)</subfield>
    <subfield code="l">0</subfield>
    <subfield code="o">G155.A1 NHA 2020</subfield>
    <subfield code="p">031471</subfield>
    <subfield code="r">2021-09-13 00:00:00</subfield>
    <subfield code="t">c. 1</subfield>
    <subfield code="w">2021-09-13</subfield>
    <subfield code="y">BK</subfield>
  </datafield>
  <datafield tag="952" ind1=" " ind2=" ">
    <subfield code="0">0</subfield>
    <subfield code="1">0</subfield>
    <subfield code="2">lcc</subfield>
    <subfield code="4">0</subfield>
    <subfield code="7">0</subfield>
    <subfield code="8">NFIC</subfield>
    <subfield code="a">CCL</subfield>
    <subfield code="b">CCL</subfield>
    <subfield code="c">GEN</subfield>
    <subfield code="d">2021-09-13</subfield>
    <subfield code="e">Donation (Authors)</subfield>
    <subfield code="l">1</subfield>
    <subfield code="o">G155.A1 NHA 2020</subfield>
    <subfield code="p">031472</subfield>
    <subfield code="r">2022-06-17 00:00:00</subfield>
    <subfield code="s">2022-06-10</subfield>
    <subfield code="t">c. 2</subfield>
    <subfield code="w">2021-09-13</subfield>
    <subfield code="y">BK</subfield>
  </datafield>
  <datafield tag="952" ind1=" " ind2=" ">
    <subfield code="0">0</subfield>
    <subfield code="1">0</subfield>
    <subfield code="2">lcc</subfield>
    <subfield code="4">0</subfield>
    <subfield code="7">0</subfield>
    <subfield code="8">NFIC</subfield>
    <subfield code="a">THRC</subfield>
    <subfield code="b">THRC</subfield>
    <subfield code="c">GEN</subfield>
    <subfield code="d">2021-09-13</subfield>
    <subfield code="e">Donation (Authors)</subfield>
    <subfield code="l">0</subfield>
    <subfield code="o">G155.A1 NHA 2020</subfield>
    <subfield code="p">031473</subfield>
    <subfield code="r">2021-09-13 00:00:00</subfield>
    <subfield code="t">c. 3</subfield>
    <subfield code="w">2021-09-13</subfield>
    <subfield code="y">BK</subfield>
  </datafield>
  <datafield tag="952" ind1=" " ind2=" ">
    <subfield code="0">0</subfield>
    <subfield code="1">0</subfield>
    <subfield code="2">lcc</subfield>
    <subfield code="4">0</subfield>
    <subfield code="7">0</subfield>
    <subfield code="8">NFIC</subfield>
    <subfield code="a">THRC</subfield>
    <subfield code="b">THRC</subfield>
    <subfield code="c">GEN</subfield>
    <subfield code="d">2023-03-22</subfield>
    <subfield code="e">Donation Authors</subfield>
    <subfield code="l">0</subfield>
    <subfield code="o">G155. A1 NHA 2020</subfield>
    <subfield code="p">032777</subfield>
    <subfield code="r">2023-03-22 00:00:00</subfield>
    <subfield code="t">c.4</subfield>
    <subfield code="w">2023-03-22</subfield>
    <subfield code="y">BK</subfield>
  </datafield>
  <datafield tag="952" ind1=" " ind2=" ">
    <subfield code="0">0</subfield>
    <subfield code="1">0</subfield>
    <subfield code="2">lcc</subfield>
    <subfield code="4">0</subfield>
    <subfield code="7">0</subfield>
    <subfield code="8">NFIC</subfield>
    <subfield code="a">THRC</subfield>
    <subfield code="b">THRC</subfield>
    <subfield code="c">GEN</subfield>
    <subfield code="d">2023-03-22</subfield>
    <subfield code="e">Donation Authors</subfield>
    <subfield code="l">0</subfield>
    <subfield code="o">G155.A1 NHA 2020</subfield>
    <subfield code="p">032776</subfield>
    <subfield code="r">2023-03-22 00:00:00</subfield>
    <subfield code="t">c.5</subfield>
    <subfield code="w">2023-03-22</subfield>
    <subfield code="y">BK</subfield>
  </datafield>
  <datafield tag="952" ind1=" " ind2=" ">
    <subfield code="0">0</subfield>
    <subfield code="1">0</subfield>
    <subfield code="2">lcc</subfield>
    <subfield code="4">0</subfield>
    <subfield code="7">0</subfield>
    <subfield code="8">NFIC</subfield>
    <subfield code="a">GCL</subfield>
    <subfield code="b">GCL</subfield>
    <subfield code="c">GEN</subfield>
    <subfield code="d">2021-09-13</subfield>
    <subfield code="e">Donation (Authors)</subfield>
    <subfield code="i">032775</subfield>
    <subfield code="l">0</subfield>
    <subfield code="o">G155.A1 NHA 2020</subfield>
    <subfield code="p">032775</subfield>
    <subfield code="r">2024-04-30 00:00:00</subfield>
    <subfield code="t">c. 1</subfield>
    <subfield code="w">2021-09-13</subfield>
    <subfield code="y">BK</subfield>
  </datafield>
  <datafield tag="999" ind1=" " ind2=" ">
    <subfield code="c">9758</subfield>
    <subfield code="d">9758</subfield>
  </datafield>
  <datafield tag="020" ind1=" " ind2=" ">
    <subfield code="a">9783030562304</subfield>
  </datafield>
  <datafield tag="050" ind1=" " ind2=" ">
    <subfield code="a">G155.A1 NHA 2020</subfield>
  </datafield>
  <datafield tag="100" ind1=" " ind2=" ">
    <subfield code="a">Nhamo, Godwell</subfield>
    <subfield code="e">author</subfield>
  </datafield>
  <datafield tag="245" ind1=" " ind2=" ">
    <subfield code="a">Counting the cost of COVID-19 on the global tourism industry /</subfield>
    <subfield code="c">Godwell Nhamo, Kaitano Dube David Chikodzi</subfield>
  </datafield>
  <datafield tag="264" ind1=" " ind2=" ">
    <subfield code="a">Cham : </subfield>
    <subfield code="b">Springer, </subfield>
    <subfield code="c">2020.</subfield>
  </datafield>
  <datafield tag="300" ind1=" " ind2=" ">
    <subfield code="a">xviii, 418 p. : </subfield>
    <subfield code="b">ill. (some col.)</subfield>
  </datafield>
  <datafield tag="500" ind1=" " ind2=" ">
    <subfield code="a">Includes bibliographical references and index</subfield>
  </datafield>
  <datafield tag="650" ind1=" " ind2=" ">
    <subfield code="a">Tourism. </subfield>
  </datafield>
  <datafield tag="650" ind1=" " ind2=" ">
    <subfield code="a">COVID-19 (Disease)</subfield>
    <subfield code="x">Economic aspects</subfield>
  </datafield>
  <datafield tag="650" ind1=" " ind2=" ">
    <subfield code="a">Economic geography</subfield>
  </datafield>
  <datafield tag="650" ind1=" " ind2=" ">
    <subfield code="a">Epidemiology</subfield>
  </datafield>
  <datafield tag="650" ind1=" " ind2=" ">
    <subfield code="a">Geography</subfield>
  </datafield>
  <datafield tag="650" ind1=" " ind2=" ">
    <subfield code="a">Human geography</subfield>
  </datafield>
  <datafield tag="650" ind1=" " ind2=" ">
    <subfield code="a">Industries</subfield>
  </datafield>
  <datafield tag="650" ind1=" " ind2=" ">
    <subfield code="a">Tourism</subfield>
    <subfield code="x">Health aspects</subfield>
  </datafield>
  <datafield tag="700" ind1=" " ind2=" ">
    <subfield code="a">Dube, Kaitano</subfield>
    <subfield code="e">author</subfield>
  </datafield>
  <datafield tag="700" ind1=" " ind2=" ">
    <subfield code="a">Chikodzi, David</subfield>
    <subfield code="e">author</subfield>
  </datafield>
  <datafield tag="856" ind1=" " ind2=" ">
    <subfield code="u">https://doi.org/10.1007/978-3-030-56231-1</subfield>
  </datafield>
  <datafield tag="942" ind1=" " ind2=" ">
    <subfield code="2">lcc</subfield>
    <subfield code="c">BK</subfield>
    <subfield code="h">155.A1</subfield>
    <subfield code="i">NHA</subfield>
    <subfield code="k">G</subfield>
  </datafield>
</record>
